Sustainable business models: innovation, implementation and success (Record no. 1320415)
[ view plain ]
| 000 -LEADER | |
|---|---|
| fixed length control field | 01793nam a2200217 4500 |
| 005 - DATE AND TIME OF LATEST TRANSACTION | |
| control field | 20250508144327.0 |
| 008 - FIXED-LENGTH DATA ELEMENTS--GENERAL INFORMATION | |
| fixed length control field | 250508b |||||||| |||| 00| 0 eng d |
| 020 ## - INTERNATIONAL STANDARD BOOK NUMBER | |
| International Standard Book Number | 9781647266684 |
| 037 ## - SOURCE OF ACQUISITION | |
| Terms of availability | Textual |
| 040 ## - CATALOGING SOURCE | |
| Original cataloging agency | RTL |
| Transcribing agency | RTL |
| 084 ## - COLON CLASSIFICATION NUMBER | |
| Classification number | X9:8(G:55) R3 |
| Assigning agency | RTL |
| 245 ## - TITLE STATEMENT | |
| Title | Sustainable business models: innovation, implementation and success |
| 260 ## - PUBLICATION, DISTRIBUTION, ETC. | |
| Place of publication, distribution, etc. | New York |
| Name of publisher, distributor, etc. | Clanrye International |
| Date of publication, distribution, etc. | 2023 |
| 300 ## - PHYSICAL DESCRIPTION | |
| Extent | vii, 239 p. ill. |
| Other physical details | Includes bibliographical references and index |
| 520 ## - SUMMARY, ETC. | |
| Summary, etc. | Sustainability in business is referred to as conducting business without having an adverse effect on the environment, the local community, or society at large. Sustainable businesses take into account a variety of social, environmental and economic aspects, when making business decisions. A sustainable business model is one that creates benefits for all the stakeholders without depleting the resources used to produce it. The capacity of a sustainable business model to operate as a market device that aids in the creation and expansion of markets through innovations with a social purpose is significant, as it enables social entrepreneurs to maximize social profit while providing social value. Furthermore, it generates competitive advantage by providing value to the consumers and thereby contributes towards the success of company. This book contains some path-breaking studies on sustainable business models. It aims to equip students and experts with the advanced topics and upcoming concepts in this area of study.<br/> |
| 650 ## - SUBJECT ADDED ENTRY--TOPICAL TERM | |
| Topical term or geographic name entry element | Industrial management- Environmental aspects |
| 9 (RLIN) | 755500 |
| 650 ## - SUBJECT ADDED ENTRY--TOPICAL TERM | |
| Topical term or geographic name entry element | Business enterprises- Environmental aspects |
| 9 (RLIN) | 755501 |
| 650 ## - SUBJECT ADDED ENTRY--TOPICAL TERM | |
| Topical term or geographic name entry element | Social responsibility of business |
| 9 (RLIN) | 35928 |
| 700 ## - ADDED ENTRY--PERSONAL NAME | |
| Relator term | Mason, Jamie |
| 942 ## - ADDED ENTRY ELEMENTS (KOHA) | |
| Source of classification or shelving scheme | Colon Classification (CC) |
| Suppress in OPAC | No |
| Koha item type | Textbook |
| Classification part | X9:8(G:55) R3 |
| Withdrawn status | Lost status | Source of classification or shelving scheme | Damaged status | Not for loan | Home library | Current library | Date acquired | Total Checkouts | Full call number | Barcode | Date last seen | Price effective from | Koha item type |
|---|---|---|---|---|---|---|---|---|---|---|---|---|---|
| Colon Classification (CC) | Ratan Tata Library | Ratan Tata Library | 2025-05-08 | X9:8(G:55) R3 | RT1528388 | 2025-05-08 | 2025-05-08 | Textbook |
